000
00325nam a2200133 a 4500
005
20140414131918.0
008
101020s19uu xx 00 eng d
050
_a
ER
_b
W56 1990
100
_a
Johnson, Angela
245
_a
When I am old with you.
260
_b
Orchard,
_c
1990.
_a
New York :
440
_a
999
_c
111583
_d
111583